| 000 | 00498nam a2200181Ia 4500 | ||
|---|---|---|---|
| 003 | OSt | ||
| 005 | 20251118101342.0 | ||
| 008 | 250729s2003 xx 000 0 und d | ||
| 040 | _cAL | ||
| 041 | _akan | ||
| 082 | _a954 GUNB | ||
| 100 |
_aಗುಂಡಳ್ಳಿ ಲಿಂಗಣ್ಣ _9224467 |
||
| 245 | _aಭೂಪಟಗಳ ಮೂಲಕ ಭಾರತದ ಇತಿಹಾಸ | ||
| 260 |
_aಬೆಂಗಳೂರು _c2003 |
||
| 300 | _a129p | ||
| 650 |
_aHistory _9224468 |
||
| 942 |
_2ddc _cBED |
||
| 999 |
_c236422 _d236422 |
||